000 00404nam a2200157Ia 4500
008 240729s9999 xx 000 0 und d
022 _a1179-2752
245 0 _aClinical Optometry
260 _aUnited Kingdom
260 _bDove Medical Press
650 _a Ophthalmology
650 _aMedicine
856 _uhttps://doaj.org/toc/b94380e2553848bbb7a0b5242925fe58
942 _2ddc
942 _cDOAJEJ
999 _c73628
_d73628
945 _a1
_bMadushi Gamage
_c1
_dMadushi Gamage